00584nam a2200157 u 450000100100000000500170001000800410002704000250006808200150009310000270010824501020013526000560023730000270029350000740032050400320039400000293920200929150306.0090706s2004 dr a r 000 0 spa d aDO-SdBNPbspacBNPHU axxxxbxxxx1 aAquino, José Ángel10aCuota femenina, circunscripciones electorales y listas de candidaturas. /cJosé Ángel Aquino. aSanto Domingo :bParticipación Dominicana,c2004. a82 p. :bil. ;c22 cm. aIncluye referencias bibliográficas y notas al pie de las páginas. aBibliográfía : p. 42-44